000 00349nam a2200121 i 4500
001 190217
003 ES-MaACL
005 20230906223653.0
008 200916s1898 sp |||| | spa d
245 0 0 _aLigereas reflexiones acerca de la gravedad de las actuales circunstancias.
260 _aMadrid :
_b[s.n.],
_c1898.
852 _aES-MaACL
_jT-794-F-7
999 _c190217
_d190217